Определение нормативов показателей оценки управления воспроизводством основных фондов; Вестник науки Сибири; № 2 (8)

Detalles Bibliográficos
Parent link:Вестник науки Сибири: электронный научный журнал/ Томский политехнический университет (ТПУ).— , 2011-.— 2226-0064
№ 2 (8).— 2013.— [С. 110-115]
Autor Principal: Матиевич А. С. Анна Сергеевна
Summary:Заглавие с титульного листа
Анализируются показатели оценки наиболее важных сторон воспроизводства основных фондов. Дана интерпретация значений, принимаемых каждым из представленных показателей с целью определения нормативов воспроизводства основных фондов.
Idioma:ruso
Publicado: 2013
Series:Экономика и менеджмент
Subjects:
Acceso en liña:http://earchive.tpu.ru/handle/11683/16409
Formato: MixedMaterials Electrónico Capítulo de libro
KOHA link:https://koha.lib.tpu.ru/cgi-bin/koha/opac-detail.pl?biblionumber=517790

MARC

LEADER 00000naa2a2200000 4500
001 517790
005 20231101105740.0
035 |a (RuTPU)RU\TPU\prd\196015 
035 |a RU\TPU\prd\196014 
090 |a 517790 
100 |a 20130920d2013 k y0rusy50 ca 
101 0 |a rus 
102 |a RU 
135 |a drnn ---uucaa 
181 0 |a i  
182 0 |a b 
200 1 |a Определение нормативов показателей оценки управления воспроизводством основных фондов  |f А. С. Матиевич 
203 |a Текст  |c электронный 
215 |a 1 файл (345 Кб) 
225 1 |a Экономика и менеджмент 
230 |a Электронные текстовые данные (1 файл : 345 Кб) 
300 |a Заглавие с титульного листа 
320 |a [Библиогр.: с. 115 (5 назв.)] 
330 |a Анализируются показатели оценки наиболее важных сторон воспроизводства основных фондов. Дана интерпретация значений, принимаемых каждым из представленных показателей с целью определения нормативов воспроизводства основных фондов. 
337 |a Adobe Reader 
461 1 |0 (RuTPU)RU\TPU\prd\143680  |x 2226-0064  |t Вестник науки Сибири  |o электронный научный журнал  |f Томский политехнический университет (ТПУ)  |d 2011- 
463 1 |0 (RuTPU)RU\TPU\prd\195836  |t № 2 (8)  |v [С. 110-115]  |d 2013 
610 1 |a основные фонды 
610 1 |a воспроизводство 
610 1 |a управление 
610 1 |a оценка 
610 1 |a показатели 
610 1 |a нормативы 
610 1 |a анализ 
610 1 |a электронный ресурс 
700 1 |a Матиевич  |b А. С.  |g Анна Сергеевна 
801 1 |a RU  |b 63413507  |c 20090623  |g PSBO 
801 2 |a RU  |b 63413507  |c 20180115  |g PSBO 
856 4 |u http://earchive.tpu.ru/handle/11683/16409 
942 |c BK